| 000 | 00812nam a22002177a 4500 | ||
|---|---|---|---|
| 999 |
_c16536 _d16536 |
||
| 003 | AR-CdUCM | ||
| 008 | 190503b ||||| |||| 00| 0 spa d | ||
| 040 |
_aMUNICIPALIDAD PROVINCIAL DEL CUSCO _cBIBLIOTECA MUNICIPAL DEL CUSCO |
||
| 082 |
_a621.8 / _bC38 |
||
| 110 |
_aCEAC EDICIONES _936032 |
||
| 245 | _aElementos de máquinas / | ||
| 260 |
_aBarcelona : _bCEAC, _c1980. |
||
| 300 |
_a349 paginas ; _bIlustraciones, _c28 cm. |
||
| 440 |
_aEnciclopedia CEAC del delineante _936033 |
||
| 505 | _aContenido :Maquinas y elementos:Nombres y divisiones --Elementos estáticos y elementos dinámicos --Roscas,tornillos y tuercas --Roblones --Muelles ... | ||
| 650 |
_aMaquinas _919799 |
||
| 650 |
_aDiseño _914302 |
||
| 650 |
_aIngeniería mecánica _921446 |
||
| 942 |
_2ddc _cLIBROS |
||
| 945 |
_arjall _d2019-05-03 |
||